00647nam a22001692 4500001001100000005001700011008004100028020002800069040001500097050001900112245015400131260004100285300001800326650005200344650004900396700003200445000000593020151217155829.0070810s xx 000 0 eng d a100821365177 :cKES 550 aKABUcKABU 0aHD1699b.K4C5510aClimate variability and water resources degradation in Kenya :bimproving water resources development and management /cby Hezron Mogaka ... [et al.] aWashington, DC :bWorld Bank,c2006. axviii, 106 p. 0aWater Resources developmentzKenya.@0000151161 0aWater supplyzKenyaxManagement.@00001572371 aMogaka, Hezron.@0000157238